=LDR 00000nam 2200000 4500 =001 INLIS000000000024977 =005 20130612123525 =008 ***********************************Ind** =035 ##$$0010-061300000024977 =041 ##$$a Ind =082 ##$$a 419 =090 ##$$a 419, Wet i =100 ##$$a Wetty, Nyoman =245 ##$$a Struktur bahasa lampung, Nyoman Wetty =260 ##$$a 1992 $b Jakarta =300 ##$$a 168 hlm, 21 cm =650 ##$$a Bahasa daerah =850 ##$$a NBPNMAT